| 000 | 00443nam a2200169 4500 | ||
|---|---|---|---|
| 001 | 44399 | ||
| 090 | _a44399 | ||
| 100 | _a20250403 pory50 | ||
| 101 |
_apor _aing |
||
| 102 | _aPT | ||
| 200 |
_aUma casa na pradaria _eSérie 1 Episódios 1 a 4 _fUniversal Studios |
||
| 210 |
_a[S.l.] _cdist. Planeta de agostini _d[d. reg. 2008] |
||
| 215 | _a1 DVD | ||
| 225 | _aUma casa na pradaria | ||
| 675 | _a82-93 | ||
| 801 |
_aPT _gRPC |
||
| 990 | _cFILMES DVD | ||